| 000 | 00380nam a22001577a 4500 | ||
|---|---|---|---|
| 005 | 20160905170643.0 | ||
| 008 | 160905b xxu||||| |||| 00| 0 eng d | ||
| 020 | _a978-81-8333-008-4 | ||
| 041 | _aeng | ||
| 100 |
_aBayross,Ivan _93517 |
||
| 245 | _aHTML,JAVA SCRIPT,DHTML AND PHP | ||
| 260 |
_bBPB _c2010 |
||
| 300 | _a539 | ||
| 650 |
_aINFORMATION TECHNOLOGY _9137 |
||
| 942 | _cBK | ||
| 999 |
_c5218 _d5216 |
||